MEDICINAL AND PHARMACEUTICAL CHEMISTRY (Record no. 15367)

MARC details
000 -LEADER
fixed length control field 00356nam a22001577a 4500
003 - CONTROL NUMBER IDENTIFIER
control field SGT
020 ## - INTERNATIONAL STANDARD BOOK NUMBER
International Standard Book Number 978-81-85731-77-3
082 ## - DEWEY DECIMAL CLASSIFICATION NUMBER
Classification number 615.19
Item number M17S
100 ## - MAIN ENTRY--PERSONAL NAME
Personal name SINGH, HARKISHAN
245 ## - TITLE STATEMENT
Title MEDICINAL AND PHARMACEUTICAL CHEMISTRY
250 ## - EDITION STATEMENT
Edition statement 3RD
260 ## - PUBLICATION, DISTRIBUTION, ETC. (IMPRINT)
Place of publication, distribution, etc DELHI
Name of publisher, distributor, etc VALLABH PUB
Year of Publication 2017
300 ## - PAGE DESCRIPTION
No. of Pages 854
650 ## - SUBJECT ADDED ENTRY--TOPICAL TERM
Topical term or geographic name as entry element PHARMACY
942 ## - ADDED ENTRY ELEMENTS (KOHA)
Source of classification or shelving scheme Dewey Decimal Classification
Koha item type Books
942 ## - ADDED ENTRY ELEMENTS (KOHA)
-- 80
Holdings
Withdrawn status Lost status Source of classification or shelving scheme Damaged status Not for loan Collection code Home library Current library Shelving location Date acquired Vendor Name Cost, normal purchase price SGTU Bill Number Total Checkouts Total Renewals Full call number Accession No. (Barcode) Date last seen Date last borrowed Bill Date Koha item type
    Dewey Decimal Classification     PHARMACY SGT FA-FP Library SGT FA-FP Library Text Book 21/03/2018 AHUJA PUB 890.00 SGTU 9434 22 2 615.19 M17S FP2781 17/05/2024 19/04/2024 16/03/2018 Books
    Dewey Decimal Classification     PHARMACY SGT FA-FP Library SGT FA-FP Library Text Book 21/03/2018 AHUJA PUB 890.00 SGTU 9434 21   615.19 M17S FP2782 17/04/2025 04/04/2025 16/03/2018 Books
    Dewey Decimal Classification     PHARMACY SGT FA-FP Library SGT FA-FP Library Text Book 21/03/2018 AHUJA PUB 890.00 SGTU 9434 30   615.19 M17S FP2783 22/04/2024 11/03/2024 16/03/2018 Books
    Dewey Decimal Classification     PHARMACY SGT FA-FP Library SGT FA-FP Library Text Book 21/03/2018 AHUJA PUB 890.00 SGTU 9434 24   615.19 M17S FP2784 21/05/2024 21/05/2024 16/03/2018 Books
    Dewey Decimal Classification     PHARMACY SGT FA-FP Library SGT FA-FP Library Text Book 21/03/2018 AHUJA PUB 890.00 SGTU 9434 17 1 615.19 M17S FP2785 30/12/2024 13/06/2024 16/03/2018 Books
    Dewey Decimal Classification     PHARMACY SGT FA-FP Library SGT FA-FP Library Text Book 21/03/2018 AHUJA PUB 890.00 SGTU 9434 21 1 615.19 M17S FP2786 06/06/2024 07/02/2024 16/03/2018 Books
    Dewey Decimal Classification     PHARMACY SGT FA-FP Library SGT FA-FP Library Text Book 21/03/2018 AHUJA PUB 890.00 SGTU 9434 23 1 615.19 M17S FP2787 23/04/2025 10/04/2025 16/03/2018 Books
    Dewey Decimal Classification     PHARMACY SGT FA-FP Library SGT FA-FP Library Text Book 21/03/2018 AHUJA PUB 890.00 SGTU 9434 24   615.19 M17S FP2788 20/06/2024 28/05/2024 16/03/2018 Books
    Dewey Decimal Classification     PHARMACY SGT FA-FP Library SGT FA-FP Library Text Book 21/03/2018 AHUJA PUB 890.00 SGTU 9434 28   615.19 M17S FP2789 30/10/2025 29/10/2025 16/03/2018 Books
    Dewey Decimal Classification     PHARMACY SGT FA-FP Library SGT FA-FP Library Text Book 21/03/2018 AHUJA PUB 890.00 SGTU 9434 26   615.19 M17S FP2790 05/03/2026 20/02/2026 16/03/2018 Books